Навчання аудіюванню як один із аспектів мовленнєвої діялбності школярів (Запис № 282596)
[ простий вигляд ]
| 000 -LEADER | |
|---|---|
| fixed length control field | 01573nam a22001577a 4500 |
| 041 ## - LANGUAGE CODE | |
| Language code of text/sound track or separate title | ukr |
| 080 ## - UNIVERSAL DECIMAL CLASSIFICATION NUMBER | |
| Universal Decimal Classification number | 09 |
| 090 ## - LOCALLY ASSIGNED LC-TYPE CALL NUMBER (OCLC); LOCAL CALL NUMBER (OCLC) | |
| Local cutter number (OCLC) ; Book number/undivided call number, CALL (RLIN) | ПАР |
| 100 ## - MAIN ENTRY--PERSONAL NAME | |
| Personal name | Пардус С. В. |
| 245 ## - TITLE STATEMENT | |
| Title | Навчання аудіюванню як один із аспектів мовленнєвої діялбності школярів |
| 260 ## - PUBLICATION, DISTRIBUTION, ETC. (IMPRINT) | |
| Place of publication, distribution, etc | Острог |
| Name of publisher, distributor, etc | КАФ |
| Date of publication, distribution, etc | 2004 |
| 300 ## - PHYSICAL DESCRIPTION | |
| Extent | 62 |
| 520 ## - SUMMARY, ETC. | |
| Summary, etc | Розділ 1. Теоретичні засади навчання аудіюванню.<br/>1.1. Психологічні особливості аудіювання та його звязок з іншими видами мовленнєвої діялюності.<br/>1.2. Основні труднощі розуміння мови на слух.<br/>1.3. Мова вчителя як основна і базисна форма для навчання аудіюванню.<br/>Розділ 2. Методика навчання аудіюванню.<br/>2.1. Використання аудіювання у навчанні іноземної мови в сучасній загальноосвітній школі.<br/>2.2. Основні види вправ для навчання аудіюванню.<br/>2.3. Контроль розуміння при виконанні вправ з аудіювання.<br/>2.4. Підготовка і проведення експериментальної роботи.<br/>2.5. Аналіз результатів експериментальної роботи. |
| -- | Аудіювання, вправа, методика. |
| 650 ## - SUBJECT ADDED ENTRY--TOPICAL TERM | |
| Topical term or geographic name as entry element | Research Papers |
| 942 ## - ADDED ENTRY ELEMENTS (KOHA) | |
| Koha item type | Книги |
| Withdrawn status | Lost status | Source of classification or shelving scheme | Damaged status | Not for loan | Home library | Current library | Date acquired | Source of acquisition | Coded location qualifier | Cost, normal purchase price | Total Checkouts | Full call number | Barcode | Date last seen | Price effective from | Koha item type |
|---|---|---|---|---|---|---|---|---|---|---|---|---|---|---|---|---|
| Universal Decimal Classification | ВІЛ - Відділ іноземн. літератури НБ | ВІЛ - Відділ іноземн. літератури НБ | 08/08/2005 | Акт | В12 | 1.00 | 09 | 210158 | 15/12/2021 | 16/12/2004 | Книги |